| 000 | 00562nam a2200169 i 4500 | ||
|---|---|---|---|
| 001 | 147174 | ||
| 003 | ES-MaACL | ||
| 005 | 20230906201843.0 | ||
| 007 | t| | ||
| 008 | 070924s1945 ag ||||1| spa d | ||
| 100 | 1 |
_aTurner, Norman Ludwig. _9111744 |
|
| 245 | 1 | 0 |
_aTeoría y técnica del bobinado de máquinas eléctricas _b: (tratado práctico del bobinador) / _cNorman Ludwig Turner. |
| 260 |
_aBuenos Aires : _bAlbatros, _c[1945] |
||
| 300 |
_a464 p. : _bil. ; _c24 cm. |
||
| 650 | 0 | 4 |
_aMáquinas eléctricas. _914765 |
| 852 |
_aES-MaACL _jB-10741 _bR.22211 |
||
| 999 |
_c147174 _d147174 |
||